Tornado Foosball World Champions - Statistics

General Stats
  • This quiz has been taken 8 times
  • The average score is 31 of 35
Answer Stats
Hint Answer % Correct
2022 Brandon Munoz
100%
1999 Frederic Collignon
100%
2000 Frederic Collignon
100%
2002 Frederic Collignon
100%
2004 Frederic Collignon
100%
2005 Frederic Collignon
100%
2007 Frederic Collignon
100%
2012 Fredric Collignon
100%
2014 Rian Moore
100%
2010 Ryan Moore
100%
2021 Ryan Moore
100%
1992 Terry Moore
100%
1998 Terry Moore
100%
1993 Tommy Adkisson
100%
1997 Tommy Adkisson
100%
2025 Tommy Yore
100%
2003 Tony Spredeman
100%
2008 Tony Spredeman
100%
2013 Tony Spredeman
100%
2015 Tony Spredeman
100%
2016 Tony Spredeman
100%
2017 Tony Spredeman
100%
2018 Tony Spredeman
100%
2019 Tony Spredeman
100%
2023 Tony Spredeman
100%
2024 Trevor Park
100%
2006 Billy Pappas
67%
2009 Billy Pappas
67%
2011 Billy Pappas
67%
1995 Dave Gummeson
67%
1990 Johnny Horton
67%
2001 Johnny Horton
67%
1991 John Smith
67%
1996 Louis Cartwright
33%
1994 Tom Spear
33%
No matching quizzes found
Score Distribution
Percent of People with Each Score
Percentile by Number Answered
Your Score History
You have not taken this quiz